00591 2200205 4500001002100000005001500021035002000036007000300056008004100059020002200100082001200122084001800134100001800152245010900170250001100279260003300290300004200323650001100365990000900376INLIS00000000000131320180124084558 a0010-0118000131ta180124 g 0 ind  a978-602-72813-6-3 a305.610 a305.610 HUM e0 aHumadi,M.Alie1 aEtnografi Pengobatan :bPraktik Budaya Peramun dan Sugesti Komunitas Adat Tau Taa vana /cM. Alie Humadi acet. 1 aYogyakarta :bPT LKiS,c2016 axxvi,416 hlm :b.ilus ;c14,5 x 21 cm asosial a6116